| 000 | 00519nam a2200193Ia 4500 | ||
|---|---|---|---|
| 003 | OSt | ||
| 005 | 20250129091942.0 | ||
| 008 | 210210b1985 xxu||||| |||| 00| 0 eng d | ||
| 040 | _cAL | ||
| 041 | _aKannada | ||
| 082 | _aK894.3 SHRD | ||
| 100 |
_aSHRIDEVI (K). _dಶ್ರೀದೇವಿ ಕೆ _9195878 |
||
| 245 |
_aDigantadache. _bದಿಗಂತದಾಚೆ |
||
| 260 |
_aMaisuru _bShri Prashanta Prakashana _c1985 |
||
| 300 | _a300 | ||
| 690 |
_aKannada Fiction _9195879 |
||
| 906 | _a038687 | ||
| 942 |
_2ddc _cBK |
||
| 999 |
_c88583 _d88583 |
||